Διεθνής ανταγωνιστικότητα και βιομηχανική στρατηγική

Αποθηκεύτηκε σε:
Λεπτομέρειες βιβλιογραφικής εγγραφής
Άλλοι συγγραφείς: Πιτέλης, Χρήστος (Επιμελητής έκδοσης), Αντωνάκης, Νικόλαος Ι., 1961- (Επιμελητής έκδοσης)
Μορφή: Βιβλίο
Γλώσσα:Greek
Δημοσίευση: Αθήνα : Τυπωθήτω, 2006
Θέματα:
Ετικέτες: Προσθήκη ετικέτας
Δεν υπάρχουν, Καταχωρήστε ετικέτα πρώτοι!

MARC

LEADER 00000nam a2200000 i 4500
001 1/56371
008 070928s2006 gre d
020 |a 960-7643-76-3 
035 |l 10091121 
040 |a GR-MY-UA  |b gre  |e aacr 
041 0 |a gre 
082 0 |a 338.6048  |2 (22) 
245 1 0 |a Διεθνής ανταγωνιστικότητα και βιομηχανική στρατηγική /  |c Χρήστος Πιτέλης, Νίκος Αντωνάκης 
260 |a Αθήνα :   |b Τυπωθήτω,   |c 2006 
300 |a 391σ.;  |c 24εκ. 
504 |a Περιλαμβάνει βιβλιογραφίες. 
650 0 0 |a Competition, International. 
650 0 0 |a Investments, Foreign  |z Greece. 
650 0 0 |a International economic relations. 
650 0 0 |a Privatization  |z Greece. 
700 1 |a Πιτέλης, Χρήστος.  |4 edt 
700 1 |a Αντωνάκης, Νικόλαος Ι.,   |d 1961-  |4 edt 
852 |a INST  |b CHIOS  |e 20070928  |h 338.6048 ΔΙΕ  |p 005200025528  |q 005200025528  |t BK  |y 0 
852 |a INST  |b CHIOS  |e 20090720  |h 338.6048 ΔΙΕ  |p 005200029805  |q 005200029805  |t BK  |y 0 
852 |a INST  |b CHIOS  |e 20090720  |h 338.6048 ΔΙΕ  |p 005200029807  |q 005200029807  |t BK  |y 0 
901 |a BIBL2-2007-3 
901 |a BIBL2-2009-2 
909 |a Χ  |b 131268 
909 |a Χ  |b 147832 
909 |a Χ  |b 147833 
920 |a Γκουρίνα  |b Αννα  |y ΧΙΟΣ  |z 2007-21 
920 |a ΤΜΟΔ  |y ΧΙΟΣ  |z 2009-07 
970 |a ΑΤΣΑΛΗ  |b ΔΕΣΠΟΙΝΑ  |z 2007/09/28